Skill Builders : Warmups and Technical Studies for the Developing Performer (Clarinet) (Record no. 4885)

000 -LEADER
fixed length control field nam a22 7a 4500
005 - DATE AND TIME OF LATEST TRANSACTION
control field 20210323122417.0
008 - FIXED-LENGTH DATA ELEMENTS--GENERAL INFORMATION
fixed length control field 210323b2021 xxu||||| |||| 00| 0 eng d
020 ## - INTERNATIONAL STANDARD BOOK NUMBER
International Standard Book Number 798408011369
040 ## - CATALOGING SOURCE
Original cataloging agency AKMAL
082 ## - DEWEY DECIMAL CLASSIFICATION NUMBER
Classification number 784.962 BAL
090 ## - LOCALLY ASSIGNED LC-TYPE CALL NUMBER (OCLC); LOCAL CALL NUMBER (RLIN)
Classification number (OCLC) (R) ; Classification number, CALL (RLIN) (NR) 784.962
Local cutter number (OCLC) ; Book number/undivided call number, CALL (RLIN) BAL
100 ## - MAIN ENTRY--PERSONAL NAME
Personal name Andrew Balent and Quincy C.Hilliard
9 (RLIN) 9273
245 ## - TITLE STATEMENT
Title Skill Builders : Warmups and Technical Studies for the Developing Performer (Clarinet)
Remainder of title : Book 1
260 ## - PUBLICATION, DISTRIBUTION, ETC.
Place of publication, distribution, etc. New York
Name of publisher, distributor, etc. Carl Fischer
264 ## - PRODUCTION, PUBLICATION, DISTRIBUTION, MANUFACTURE, AND COPYRIGHT NOTICE
Place of production, publication, distribution, manufacture New York
Name of producer, publisher, distributor, manufacturer Carl Fischer
300 ## - PHYSICAL DESCRIPTION
Extent 16 page
Dimensions 30cm
942 ## - ADDED ENTRY ELEMENTS (KOHA)
Source of classification or shelving scheme
Koha item type Book
Holdings
Withdrawn status Lost status Source of classification or shelving scheme Damaged status Not for loan Collection code Home library Current library Shelving location Date acquired Inventory number Total Checkouts Full call number Barcode Date last seen Date last checked out Price effective from Koha item type
          NON-FICTION AKMAL Melaka AKMAL Melaka PINJAMAN 23.03.2021 011364 1 784.962 BAL 201707937 19.04.2021 25.03.2021 23.03.2021 Book
          NON-FICTION AKMAL Melaka AKMAL Melaka PINJAMAN 23.03.2021 011365 1 784.962 BAL 201707938 19.04.2021 25.03.2021 23.03.2021 Book
Pusat Sumber Maklumat Dato' Haji Sarmin Md Hussin, Akademi Kastam Diraja Malaysia, Melaka
Tel: 06-2331106 | Faks: 06-2313787